Mežkuľturnaja kommunikacija glossarij
Salvato in:
| Autore principale: | |
|---|---|
| Altri autori: | , , , |
| Natura: | Libro |
| Lingua: | russo tedesco inglese |
| Pubblicazione: |
Uľjanovsk
Izdateľstvo UlGPU im. I. N. Uľjanova
2021
|
| Edizione: | 1e izdanije |
| Soggetti: | |
| Tags: |
Nessun Tag, puoi essere il primo ad aggiungerne!!
|
MARC
| LEADER | 00000nam a2200000 4500 | ||
|---|---|---|---|
| 001 | 0280964 | ||
| 005 | 20240502083900.6 | ||
| 020 | |a 978-5-907216-63-1 | ||
| 041 | 0 | |a rus | |
| 041 | 0 | |a ger | |
| 041 | 0 | |a eng | |
| 044 | |a RU | ||
| 245 | 1 | 0 | |a Mežkuľturnaja kommunikacija |b glossarij |c Daniela Breveníková, T.V. Morozkina, Jarmila Rusiňáková ; recenzenty: Ju. A. Lobina, O. A. Rtiščeva |
| 250 | |a 1e izdanije | ||
| 264 | 1 | |a Uľjanovsk |b Izdateľstvo UlGPU im. I. N. Uľjanova |c 2021 | |
| 300 | |a 75 s. [3,31 AH] | ||
| 610 | 2 | 0 | |a komunikácia interkultúrna |
| 610 | 2 | 0 | |a jazykoveda |
| 610 | 2 | 0 | |a jazyky cudzie |
| 610 | 2 | 0 | |a kultúra |
| 610 | 2 | 0 | |a terminológia |
| 100 | 1 | |a Breveníková, Daniela | |
| 700 | 1 | |a Morozkina, T.V. | |
| 700 | 1 | |a Rusiňáková, Jarmila, 1959- | |
| 700 | 1 | |a Lobina, Ju. A. | |
| 700 | 1 | |a Rtiščeva, O. A. | |